[Event "Guernsey Open"]
[Site "?"]
[Date "2002.??.??"]
[Round "6"]
[White "Milnes, Anthony"]
[Black "Kuijpers, Peter CA"]
[Result "0-1"]
[WhiteElo "2128"]
[BlackElo "1985"]
[PlyCount "78"]
[EventDate "2002.10.20"]

1. e4 c5 2. Nc3 Nc6 3. f4 g6 4. Nf3 Bg7 5. Bb5 Nd4 6. O-O Nxb5 7. Nxb5 d6 8. d3
a6 9. Nc3 e6 10. Qe1 Ne7 11. Bd2 O-O 12. Qh4 Nc6 13. Qf2 b6 14. Rae1 Rb8 15.
Nd1 b5 16. Bc3 f6 17. b3 b4 18. Bb2 Rb5 19. Ne3 d5 20. Qg3 Qd6 21. e5 fxe5 22.
fxe5 Qd8 23. Ng4 Ne7 24. Nf6+ Bxf6 25. exf6 Nf5 26. Qe5 d4 27. Ng5 Rxf6 28. g4
c4 29. Qf4 c3 30. Bc1 Rf8 31. gxf5 Rfxf5 32. Qe4 Rxg5+ 33. Bxg5 Qxg5+ 34. Qg2
Bb7 35. Re4 Bxe4 36. dxe4 Qe3+ 37. Kh1 Rg5 38. Rf3 Rxg2 39. Rxe3 Rxc2 0-1

[Event "Guernsey Open"]
[Site "?"]
[Date "2002.??.??"]
[Round "6"]
[White "Fassaert, D."]
[Black "Kamps, JW."]
[Result "1-0"]
[WhiteElo "2095"]
[BlackElo "1993"]
[PlyCount "47"]
[EventDate "2002.10.20"]

1. Nf3 d6 2. d4 Nf6 3. Bg5 Nbd7 4. Nbd2 c6 5. e4 e5 6. dxe5 dxe5 7. Nc4 Qc7 8.
Bxf6 gxf6 9. Nh4 Nc5 10. Qf3 Rg8 11. Ne3 Be6 12. Bc4 O-O-O 13. O-O Bxc4 14.
Nxc4 Rd4 15. Ne3 Rxe4 16. Nhf5 Rf4 17. Qh5 h6 18. h4 Ne6 19. Kh2 Rb4 20. b3 Rd4
21. g3 Rd2 22. Rad1 Qd7 23. Rxd2 Qxd2 24. Qxf7 1-0

[Event "Guernsey Open"]
[Site "?"]
[Date "2002.??.??"]
[Round "6"]
[White "Kuijpers, CF."]
[Black "Wilson, Alexandra"]
[Result "1/2-1/2"]
[WhiteElo "2080"]
[BlackElo "1816"]
[PlyCount "44"]
[EventDate "2002.10.20"]

1. c4 Nf6 2. Nf3 g6 3. g3 Bg7 4. Bg2 O-O 5. O-O d5 6. cxd5 Qxd5 7. Nc3 Qh5 8.
Qa4 c6 9. Qh4 Qxh4 10. Nxh4 Rd8 11. d3 Nbd7 12. Bd2 Nb6 13. Rfd1 Nfd5 14. Nf3
c5 15. Rac1 Be6 16. Nxd5 Bxd5 17. b3 {(=)} Nd7 18. Bc3 b6 19. Bxg7 Kxg7 20. d4
Rac8 21. dxc5 Nxc5 22. Ne5 Bxg2 1/2-1/2

[Event "Guernsey Open"]
[Site "?"]
[Date "2002.??.??"]
[Round "6"]
[White "Morris, Graham"]
[Black "Burton, Ronnie"]
[Result "1-0"]
[WhiteElo "1806"]
[BlackElo "2078"]
[PlyCount "21"]
[EventDate "2002.10.20"]

1. d4 e5 2. dxe5 Nc6 3. Bf4 Qe7 4. Nc3 Nxe5 5. Nd5 Qd6 6. Qd4 Nf6 7. Bxe5 Qxd5
8. Bxf6 Qa5+ 9. b4 Bxb4+ 10. c3 Bd6 11. Bxg7 1-0

[Event "Guernsey Open"]
[Site "?"]
[Date "2002.??.??"]
[Round "6"]
[White "Dennis, Nigel"]
[Black "Kuijpers, Jos"]
[Result "1-0"]
[WhiteElo "2070"]
[BlackElo "1598"]
[PlyCount "71"]
[EventDate "2002.10.20"]

1. e4 e6 2. d4 d5 3. Nc3 Bb4 4. e5 c5 5. a3 cxd4 6. Qxd4 Nc6 7. Bb5 Ba5 8. Nge2
Nge7 9. Qg4 Ng6 10. O-O Bc7 11. f4 h5 12. Qf3 Bd7 13. Bxc6 Bxc6 14. Nd4 Bb6 15.
Be3 Rb8 16. Nce2 Bd7 17. c3 Ne7 18. Kh1 g6 19. Bf2 Nc6 20. Nb5 Bxf2 21. Nd6+
Kf8 22. Qxf2 a6 23. Nd4 h4 24. Qf3 Nxd4 25. cxd4 Qb6 26. Qc3 Kg7 27. Rfc1 Bc6
28. b4 Be8 29. Qc7 Qa7 30. Rc5 h3 31. g4 Kf8 32. f5 gxf5 33. gxf5 Rh6 34. f6
Kg8 35. Rg1+ Kh8 36. Qxf7 1-0

[Event "Guernsey Open"]
[Site "?"]
[Date "2002.??.??"]
[Round "6"]
[White "Barnard, PE."]
[Black "Hauptmann, Thomas"]
[Result "1/2-1/2"]
[WhiteElo "1840"]
[BlackElo "2050"]
[PlyCount "37"]
[EventDate "2002.10.20"]

1. e4 d5 2. exd5 Qxd5 3. Nc3 Qa5 4. d4 c6 5. Bc4 Nf6 6. Bd2 Bf5 7. Nf3 e6 8.
O-O Qc7 9. h3 Be7 10. Be3 O-O 11. Bd3 Bxd3 12. Qxd3 Nbd7 13. a3 Rfd8 14. Qe2
Nd5 15. Nxd5 cxd5 16. c3 a6 17. Bg5 Bxg5 18. Nxg5 Nf6 19. Nf3 1/2-1/2

[Event "Guernsey Open"]
[Site "?"]
[Date "2002.??.??"]
[Round "6"]
[White "Van de Walle, Rob P"]
[Black "Hunt, L."]
[Result "1/2-1/2"]
[WhiteElo "1896"]
[BlackElo "1744"]
[PlyCount "33"]
[EventDate "2002.10.20"]

1. d4 Nf6 2. Bg5 e6 3. e4 h6 4. Bxf6 Qxf6 5. Nc3 Bb4 6. Qd2 O-O 7. f4 b6 8. Nf3
Ba6 9. O-O-O Bxc3 10. bxc3 Qe7 11. Kb2 Bxf1 12. Rhxf1 d5 13. Ne5 Nd7 14. f5
exf5 15. Nxd7 Qxd7 16. exf5 f6 17. Qd3 1/2-1/2

[Event "Guernsey Open"]
[Site "?"]
[Date "2002.??.??"]
[Round "6"]
[White "Havenaar, Jan"]
[Black "O'Toole, Anthony"]
[Result "1-0"]
[WhiteElo "2267"]
[BlackElo "1672"]
[PlyCount "87"]
[EventDate "2002.10.20"]

1. Nc3 d5 2. e4 dxe4 3. Nxe4 Bf5 4. Qf3 Bxe4 5. Qxe4 Nc6 6. Bb5 Qd6 7. Nf3 Nf6
8. Qc4 e6 9. O-O Be7 10. d3 Nd5 11. Re1 O-O 12. Bxc6 bxc6 13. Ne5 c5 14. Qe4
Nf6 15. Qe2 Qb6 16. Qf3 Bd6 17. Nc4 Qb8 18. Bg5 Nd5 19. Nxd6 cxd6 20. c4 Nb6
21. Qg3 d5 22. Bf4 Qb7 23. Bd6 Rfc8 24. Be5 f5 25. b3 Qf7 26. Rac1 dxc4 27.
dxc4 Rd8 28. Rcd1 Nd7 29. Bc7 Rdc8 30. Ba5 Rc6 31. Re2 Re8 32. Qf3 Rec8 33.
Red2 Nf8 34. Qe3 Qe7 35. f4 h6 36. g3 Ra6 37. Bc3 Rac6 {(=)} 38. Be5 a6 39. Rd6
Kf7 40. Qf3 Rxd6 41. Rxd6 Qa7 42. Qc3 g6 43. Qa5 Ra8 44. Rc6 1-0

[Event "Guernsey Open"]
[Site "?"]
[Date "2002.??.??"]
[Round "6"]
[White "De Kruif, Kees"]
[Black "Autin, DW."]
[Result "1-0"]
[WhiteElo "1861"]
[BlackElo "1920"]
[PlyCount "96"]
[EventDate "2002.10.20"]

1. a3 d5 2. Nf3 Nc6 3. b4 e5 4. Bb2 e4 5. Nd4 Nf6 6. e3 Bd6 7. Nxc6 bxc6 8. d4
O-O 9. Nd2 Ng4 10. g3 Qf6 11. Qe2 a5 12. h3 Qh6 13. Bg2 Nf6 14. bxa5 Ba6 15. c4
Rfb8 16. Bc3 dxc4 17. Nxe4 Nd5 18. Qc2 Rb3 19. Bd2 Rab8 20. Nc3 Rb2 21. Qc1 Ne7
22. O-O Qg6 23. Qe1 Re8 24. Rb1 Rb3 25. Qe2 Rxa3 26. Qg4 Qc2 27. Ne4 Kh8 28.
Nxd6 cxd6 29. Bb4 f5 30. Qg5 Rb3 31. Rbc1 Qb2 32. Bxd6 c3 33. Rfe1 Nd5 34. Be5
Rb7 35. Qxf5 Rbe7 36. Be4 Nf6 37. Bxc6 Bc8 38. Qg5 Rf8 39. Bf4 Qa3 40. Qc5 Qxc5
41. dxc5 Ra7 42. Rxc3 Rxa5 43. Bg2 h6 44. c6 Nd5 45. Rc4 Nxf4 46. Rxf4 Re8 47.
Rb1 Ba6 48. Rf7 Kg8 1-0

[Event "Guernsey Open"]
[Site "?"]
[Date "2002.??.??"]
[Round "6"]
[White "Von Saldern, Ruediger"]
[Black "Gravett, AD."]
[Result "1-0"]
[WhiteElo "2143"]
[BlackElo "1900"]
[PlyCount "63"]
[EventDate "2002.10.20"]

1. d4 Nf6 2. Nf3 b6 3. Bg5 e6 4. e4 h6 5. Bxf6 gxf6 6. Nbd2 Bb7 7. Bd3 Nc6 8.
c3 Ne7 9. Qe2 d5 10. e5 f5 11. O-O-O Ng6 12. g3 a5 13. h4 Be7 14. Kb1 Qc8 15.
Nh2 a4 16. h5 Nf8 17. g4 f4 18. Nhf3 c5 19. Rdg1 c4 20. Bc2 a3 21. g5 hxg5 22.
Nxg5 Bxg5 23. Rxg5 Qd8 24. Qg4 axb2 25. Rg7 b5 26. Qxf4 Qe7 27. Kxb2 b4 28. Nb1
Bc6 29. cxb4 Qxb4+ 30. Kc1 f5 31. exf6 Rxa2 32. Re7+ 1-0

[Event "Guernsey Open"]
[Site "?"]
[Date "2002.??.??"]
[Round "6"]
[White "Nicholson, John"]
[Black "Kirkwood, Robin"]
[Result "1/2-1/2"]
[WhiteElo "1712"]
[BlackElo "2063"]
[PlyCount "51"]
[EventDate "2002.10.20"]

1. e4 d6 2. Nc3 e5 3. Nf3 Bg4 4. d4 Nd7 5. Be3 Be7 6. Be2 c6 7. Qd2 Ngf6 8.
O-O-O b5 9. d5 cxd5 10. Nxd5 Nxe4 11. Qb4 Bxf3 12. Bxf3 Nec5 13. Nxe7 Kxe7 14.
Bxa8 Qxa8 15. f4 a5 16. Qd2 Ne4 17. Qd5 f6 18. fxe5 fxe5 19. Rhf1 Ndf6 20. Qd3
Qc6 21. Kb1 Rc8 22. h4 d5 23. Bg5 b4 24. Qxd5 Qxd5 25. Rxd5 Nxg5 26. Rxe5+
1/2-1/2

[Event "Guernsey Open"]
[Site "?"]
[Date "2002.??.??"]
[Round "6"]
[White "Goldberg, Menashe"]
[Black "Wood, Peter C"]
[Result "1-0"]
[WhiteElo "2039"]
[BlackElo "1784"]
[PlyCount "63"]
[EventDate "2002.10.20"]

1. d4 d5 2. e4 c6 3. exd5 cxd5 4. c4 Nf6 5. Nc3 e6 6. c5 Be7 7. Nf3 O-O 8. a3
b6 9. b4 a5 10. Be3 axb4 11. axb4 Rxa1 12. Qxa1 Nc6 13. Qa4 Bb7 14. b5 Na5 15.
c6 Qc7 16. Bd3 Nxc6 17. bxc6 Ra8 18. cxb7 Rxa4 19. Nxa4 Qxb7 20. Ke2 Qc6 21.
Nb2 Ne4 22. Rc1 Nc3+ 23. Kf1 Ba3 24. Rc2 Bxb2 25. Rxb2 Nd1 26. Rc2 Nxe3+ 27.
fxe3 Qb7 28. Bb5 h6 29. Ne5 Qa7 30. Be8 f6 31. Bf7+ Kh7 32. Bg6+ 1-0

[Event "Guernsey Open"]
[Site "?"]
[Date "2002.??.??"]
[Round "6"]
[White "Goman, Colin R"]
[Black "Spanton, Timothy"]
[Result "0-1"]
[WhiteElo "1590"]
[BlackElo "2005"]
[PlyCount "92"]
[EventDate "2002.10.20"]

1. e4 c5 2. Nf3 g6 3. c3 Bg7 4. d4 cxd4 5. cxd4 d5 6. e5 Nc6 7. Bb5 Nh6 8. Bd2
O-O 9. Qc1 Nf5 10. Bxc6 bxc6 11. Qxc6 e6 12. O-O Rb8 13. Qc2 {(=)} Ba6 14. Re1
Qb6 15. Bc3 Rfc8 16. Qd1 Bf8 17. Nbd2 Bb5 18. Kh1 a5 19. g4 Ne7 20. h4 Nc6 21.
Rg1 Nb4 22. Bxb4 Bxb4 23. Rc1 Qa6 24. Rxc8+ Rxc8 25. Qa1 Rc2 26. Rc1 Rxd2 27.
Nxd2 Bxd2 28. Rc5 Bf1 29. Qd1 Qd3 30. Rc3 Bxc3 31. Qxd3 Bxd3 32. bxc3 Be2 33.
g5 Kf8 34. Kg1 Ke8 35. f4 Kd7 36. Kf2 Bc4 37. Ke3 Bxa2 38. Kd2 Kc6 39. Kc2 Kb5
40. Kb2 Kc4 41. Kxa2 Kxc3 42. Ka3 Kxd4 43. Ka4 Ke3 44. h5 d4 45. f5 d3 46. hxg6
hxg6 0-1

[Event "Guernsey Open"]
[Site "?"]
[Date "2002.??.??"]
[Round "6"]
[White "Westerkamp, Bert"]
[Black "Cheshire, Paul"]
[Result "1-0"]
[WhiteElo "1961"]
[BlackElo "1440"]
[PlyCount "59"]
[EventDate "2002.10.20"]

1. d4 Nf6 2. Bg5 Ne4 3. Bf4 d5 4. Nd2 Bf5 5. e3 e6 6. Nxe4 Bxe4 7. Nf3 Be7 8.
Be2 Nd7 9. O-O O-O 10. c4 dxc4 11. Bxc4 Nb6 12. Bb3 Nd5 13. Bg3 c5 14. Rc1 Nb4
15. Rc3 b5 16. dxc5 Nd3 17. c6 Bf6 18. c7 Qd7 19. Rc2 Qc8 20. Nd4 a6 21. f3 Bg6
22. Nc6 Re8 23. e4 Nxb2 24. Qd6 Na4 25. Bxa4 bxa4 26. Rb1 e5 27. Rb8 Qe6 28.
Qxe6 fxe6 29. Rxa8 Rxa8 30. Nb8 1-0

[Event "Guernsey Open"]
[Site "?"]
[Date "2002.??.??"]
[Round "6"]
[White "Van de Linden, Marcel"]
[Black "Murray, J Stephen"]
[Result "0-1"]
[WhiteElo "1760"]
[BlackElo "2075"]
[PlyCount "62"]
[EventDate "2002.10.20"]

1. d4 d5 2. g3 Nf6 3. Bg2 e6 4. Nf3 Be7 5. O-O O-O 6. Nbd2 Nbd7 7. Re1 c5 8. c3
Re8 9. e4 dxe4 10. Nxe4 cxd4 11. Nxd4 a6 12. Be3 Nxe4 13. Bxe4 Nf6 14. Bg2 Qc7
15. Bf4 Qb6 16. Qe2 Bd7 17. Rad1 Rad8 18. Rd2 Bc8 19. Red1 Nd5 20. Qg4 Nxf4 21.
Qxf4 Bf6 22. Nb3 Rxd2 23. Rxd2 h6 24. Rd6 Qb5 25. Qd2 Be7 26. Bf1 Qg5 27. f4
Qf6 28. Rd4 e5 29. fxe5 Qxe5 30. Bg2 Bg5 31. Qd1 Be3+ 0-1

[Event "Guernsey Open"]
[Site "?"]
[Date "2002.??.??"]
[Round "6"]
[White "Lanzer, RA."]
[Black "Kuijpers, Paul JM"]
[Result "0-1"]
[WhiteElo "1744"]
[BlackElo "1915"]
[PlyCount "56"]
[EventDate "2002.10.20"]

1. e4 e6 2. d4 d5 3. Nd2 Nf6 4. e5 Ne4 5. Bd3 Nxd2 6. Bxd2 c5 7. c3 Qb6 8. Qc1
Nc6 9. Ne2 Bd7 10. Be3 cxd4 11. Bxd4 Nxd4 12. cxd4 Bb4+ 13. Kf1 Rc8 14. Qd1 O-O
15. g3 f6 16. exf6 Rxf6 17. Nf4 Rcf8 18. h4 Bd6 19. Rh2 Bxf4 20. gxf4 Rxf4 21.
Qh5 h6 22. Qg6 Qxd4 23. Qh7+ Kf7 24. Rg2 Ke8 25. Qg6+ Kd8 26. Qg3 Rf3 27. Qb8+
Ke7 28. Rxg7+ Qxg7 0-1

[Event "Guernsey Open"]
[Site "?"]
[Date "2002.??.??"]
[Round "6"]
[White "Dekker, Jop"]
[Black "Knight, Timothy"]
[Result "1-0"]
[WhiteElo "1859"]
[BlackElo "1765"]
[PlyCount "37"]
[EventDate "2002.10.20"]

1. e4 c5 2. c3 Qa5 3. Nf3 Nc6 4. Bc4 e6 5. O-O b5 6. Bb3 Qc7 7. d4 Na5 8. Bc2
Nb7 9. Re1 d6 10. Bf4 Bd7 11. Nbd2 Nf6 12. Nf1 Be7 13. Ng3 Bc6 14. d5 Bd7 15.
dxe6 fxe6 16. e5 Nd5 17. exd6 Nxd6 18. Be5 Nf6 19. Ng5 1-0

[Event "Guernsey Open"]
[Site "?"]
[Date "2002.??.??"]
[Round "6"]
[White "Van Hoek, W."]
[Black "Ruigrok, Jacques"]
[Result "1/2-1/2"]
[WhiteElo "1761"]
[BlackElo "1836"]
[PlyCount "41"]
[EventDate "2002.10.20"]

1. d4 Nf6 2. c4 e5 3. dxe5 Ne4 4. Nf3 Bb4+ 5. Nbd2 Nc6 6. a3 Bxd2+ 7. Bxd2 Nxd2
8. Qxd2 Qe7 9. Qc3 b6 10. b4 Bb7 11. b5 Nd8 12. e3 Bxf3 13. gxf3 Ne6 14. Be2
Nc5 15. a4 O-O 16. O-O f6 17. exf6 Rxf6 18. Kh1 Rh6 19. Rg1 Rxh2+ 20. Kxh2 Qh4+
21. Kg2 1/2-1/2

[Event "Guernsey Open"]
[Site "?"]
[Date "2002.??.??"]
[Round "7"]
[White "Van Voorthuijsen, PW."]
[Black "Woodward, Timothy"]
[Result "1/2-1/2"]
[WhiteElo "2304"]
[BlackElo "2185"]
[PlyCount "48"]
[EventDate "2002.10.20"]

1. d4 d5 2. c4 c6 3. Nf3 Nf6 4. Nc3 dxc4 5. a4 Bf5 6. e3 e6 7. Bxc4 Bb4 8. O-O
O-O 9. Qe2 Bg6 10. Ne5 Nbd7 11. Nxg6 hxg6 12. Rd1 Qa5 13. Bd2 e5 14. Be1 Rad8
15. Qc2 exd4 16. Rxd4 Ne5 17. Be2 Rxd4 18. exd4 Ned7 19. Kf1 Re8 20. Na2 Bxe1
21. Rxe1 Nb6 22. Nc3 Nbd5 23. Bc4 Rxe1+ 24. Kxe1 Qb4 1/2-1/2

[Event "Guernsey Open"]
[Site "?"]
[Date "2002.??.??"]
[Round "7"]
[White "Wismayer, Clive"]
[Black "Webster, Andrew"]
[Result "0-1"]
[WhiteElo "2088"]
[BlackElo "2415"]
[PlyCount "72"]
[EventDate "2002.10.20"]

1. e4 g6 2. d4 Bg7 3. Nf3 d6 4. Nc3 c6 5. Be2 b5 6. a4 b4 7. Na2 a5 8. O-O Nf6
9. Bd3 Bg4 10. h3 Bxf3 11. Qxf3 Nbd7 12. Bf4 O-O 13. Nc1 e5 14. dxe5 {(=)} Nh5
15. Be3 Nxe5 16. Qe2 Re8 17. Qd2 Nxd3 18. cxd3 d5 19. Qc2 dxe4 20. dxe4 Qh4 21.
f3 f5 22. Bf2 Qg5 23. Ne2 fxe4 24. fxe4 Qe5 25. Qc4+ Qe6 26. Qxe6+ Rxe6 27. Bd4
Rxe4 28. Bxg7 Kxg7 29. Rf2 Rae8 30. Kf1 Rxe2 31. Rxe2 Ng3+ 32. Kf2 Nxe2 33. Re1
Kf6 34. Rxe2 Rxe2+ 35. Kxe2 Ke5 36. Ke3 c5 0-1

[Event "Guernsey Open"]
[Site "?"]
[Date "2002.??.??"]
[Round "7"]
[White "Mycroft, R."]
[Black "Reijneveld, Ad"]
[Result "1/2-1/2"]
[WhiteElo "2008"]
[BlackElo "2110"]
[PlyCount "31"]
[EventDate "2002.10.20"]

1. e4 c5 2. f4 d5 3. exd5 Qxd5 4. Nc3 Qd8 5. Nf3 Nc6 6. Bb5 Bd7 7. Ne5 Nxe5 8.
fxe5 Bxb5 9. Nxb5 Qd7 10. Qe2 e6 11. a4 a6 12. Nc3 Ne7 13. O-O Nc6 14. Re1 Be7
15. d3 Bd8 16. Ne4 1/2-1/2

[Event "Guernsey Open"]
[Site "?"]
[Date "2002.??.??"]
[Round "7"]
[White "Ballon, Guenther Jan"]
[Black "Corkett, Anthony"]
[Result "0-1"]
[WhiteElo "2219"]
[BlackElo "2313"]
[PlyCount "68"]
[EventDate "2002.10.20"]

1. d4 Nf6 2. c4 c5 3. d5 b5 4. cxb5 a6 5. e3 g6 6. Nc3 Bg7 7. Nf3 O-O 8. a4 Bb7
9. Be2 axb5 10. Bxb5 e6 11. Bc4 Na6 12. O-O Nb4 13. e4 Ra5 14. Qb3 exd5 15.
exd5 d6 16. Bd2 Ra8 17. h3 Rb8 18. Qd1 Nbxd5 19. Nxd5 Nxd5 20. Bg5 Nf6 21. Ra3
d5 22. Bb5 d4 23. Re1 Qc7 24. Ne5 Ne4 25. Rxe4 Bxe4 26. Nd3 Ba8 27. Bf4 Qb7 28.
f3 Rbc8 29. Bd6 c4 30. Nf2 Rfd8 31. Bb4 Qc7 32. Qe1 c3 33. bxc3 dxc3 34. Nd3
Rxd3 0-1

[Event "Guernsey Open"]
[Site "?"]
[Date "2002.??.??"]
[Round "7"]
[White "Goris, Ton"]
[Black "Van Dijk, Bram"]
[Result "1-0"]
[WhiteElo "2078"]
[BlackElo "2241"]
[PlyCount "60"]
[EventDate "2002.10.20"]

1. e4 c6 2. d4 d5 3. e5 g6 4. Nc3 h5 5. h4 Bf5 6. Nge2 e6 7. Bg5 Be7 8. Qd2 Nd7
9. Ng3 a6 10. Nxf5 gxf5 11. Ne2 c5 12. c3 Rc8 13. Ng3 cxd4 14. cxd4 Qb6 15. a3
Bxg5 16. hxg5 h4 17. Be2 Ne7 18. Nh5 Ng6 19. Nf6+ Ke7 20. Rh3 Nb8 21. Rc1 Rxc1+
22. Qxc1 Nc6 23. Rc3 Qxd4 24. Bxa6 Qxe5+ 25. Re3 Qd6 26. Bxb7 d4 27. Rb3 Rb8
28. Rb6 Qe5+ 29. Kf1 Nd8 30. Qc4 Kf8 1-0

[Event "Guernsey Open"]
[Site "?"]
[Date "2002.??.??"]
[Round "7"]
[White "Skorna, Ullrich"]
[Black "Almond, Richard"]
[Result "1/2-1/2"]
[WhiteElo "2180"]
[BlackElo "2127"]
[PlyCount "102"]
[EventDate "2002.10.20"]

1. e4 d5 2. exd5 Qxd5 3. Nc3 Qa5 4. d4 Nf6 5. Nf3 Bf5 6. Bc4 e6 7. Bd2 c6 8.
Qe2 Bb4 9. O-O-O Nbd7 10. a3 Bxc3 11. Bxc3 Qc7 12. Ne5 Nxe5 13. dxe5 Nd5 14.
Bd2 O-O-O 15. g4 Bg6 16. f4 h5 17. h3 Qb6 18. Rhf1 hxg4 19. hxg4 Rh3 20. Rf3
Rxf3 21. Qxf3 Qd4 22. Bb3 Be4 23. Qe2 Nb6 24. Re1 Bf3 25. Qe3 Bxg4 26. Qxd4
Rxd4 27. Rg1 Bh5 28. Rxg7 Nc4 29. Bxc4 Rxc4 30. Be3 Bg6 31. c3 a5 32. Kd2 a4
33. Bd4 b5 34. Ke2 Kd7 35. Rg8 Ke7 36. Kf3 Kd7 37. Rh8 Bf5 38. Kg3 Ke7 39. Ra8
Kd7 40. Ra7+ Ke8 41. Kf3 Bg6 42. Bf2 Bh5+ 43. Ke3 Kd8 44. Bh4+ Kc8 45. Be7 Bg6
46. Bd6 Bh5 47. Ra8+ Kd7 48. Rh8 Bg6 49. Rh2 f6 50. Rg2 fxe5 51. Bxe5 Bf5
1/2-1/2

[Event "Guernsey Open"]
[Site "?"]
[Date "2002.??.??"]
[Round "7"]
[White "Thurlow, Kevin"]
[Black "Dennis, Nigel"]
[Result "1-0"]
[WhiteElo "2203"]
[BlackElo "2070"]
[PlyCount "127"]
[EventDate "2002.10.20"]

1. Nf3 Nf6 2. b3 g6 3. Bb2 Bg7 4. c4 O-O 5. d4 d6 6. Nc3 c5 7. e3 Qa5 8. Qd2
Bd7 9. Be2 a6 10. O-O b5 11. Nd5 Qd8 12. dxc5 Ne4 13. Qc1 Bxb2 14. Qxb2 Nxc5
15. Qd4 Nc6 16. Qh4 b4 17. Ng5 h5 18. Bxh5 gxh5 19. g4 Bxg4 20. h3 f6 21. hxg4
fxg5 22. Qxg5+ Kf7 23. Qxh5+ Kg7 24. Qg5+ Kf7 25. Nf4 Ke8 26. Rad1 Qd7 27. f3
Kd8 28. Nd5 Ne6 29. Qh6 Rb8 30. c5 Kc8 31. Nxe7+ Qxe7 32. Rxd6 Ned8 33. Rxc6+
Nxc6 34. Qxc6+ Qc7 35. Qxa6+ Rb7 36. Kg2 Qxc5 37. Rf2 Rd8 38. Qg6 Rc7 39. Qe6+
Kb8 40. e4 Qd6 41. Qxd6 Rxd6 42. e5 Rd1 43. Kg3 Rcc1 44. Kf4 Rf1 45. Rh2 Rc3
46. Rh3 Kc8 47. g5 Kd8 48. Ke4 Rg1 49. Kf5 Ke7 50. Rh7+ Kf8 51. f4 Rc2 52. Rb7
Rxa2 53. Rxb4 Rb2 54. Kf6 Ke8 55. e6 Rd1 56. Rb8+ Rd8 57. Rb7 Rf2 58. f5 Rc8
59. Rh7 Kd8 60. Rh8+ Kc7 61. Rxc8+ Kxc8 62. g6 Kd8 63. g7 Rg2 64. Kf7 1-0

[Event "Guernsey Open"]
[Site "?"]
[Date "2002.??.??"]
[Round "7"]
[White "Lock, Gavin"]
[Black "Huijzer, J."]
[Result "0-1"]
[WhiteElo "2120"]
[BlackElo "1890"]
[PlyCount "78"]
[EventDate "2002.10.20"]

1. c4 Nf6 2. Nc3 g6 3. d4 Bg7 4. e4 d6 5. Nf3 O-O 6. Be2 e5 7. O-O Nc6 8. d5
Ne7 9. b4 Nd7 10. Nd2 f5 11. c5 Nf6 12. f3 Kh8 13. Nc4 Neg8 14. Ba3 Rf7 15. b5
Bf8 16. b6 axb6 17. cxb6 cxb6 18. Qb3 f4 19. Rab1 g5 20. Nxb6 Rb8 21. Rfc1 h5
22. Nxc8 Rxc8 23. Nb5 Rxc1+ 24. Rxc1 g4 25. Qb4 Rd7 26. Kh1 Nh6 27. Bb2 Nf7 28.
a4 Ng5 29. a5 h4 30. fxg4 Nfxe4 31. Bf3 Nf2+ 32. Kg1 Nd3 33. Qc3 Nxc1 34. Bxc1
Bg7 35. Qe1 Kg8 36. Ba3 e4 37. Bxe4 Qe7 38. Nxd6 Rxd6 39. Bh7+ Kf8 0-1

[Event "Guernsey Open"]
[Site "?"]
[Date "2002.??.??"]
[Round "7"]
[White "Kuijpers, Peter CA"]
[Black "Tan, HB."]
[Result "1-0"]
[WhiteElo "1985"]
[BlackElo "2149"]
[PlyCount "123"]
[EventDate "2002.10.20"]

1. e4 d5 2. exd5 Nf6 3. d4 Bg4 4. Be2 Bxe2 5. Nxe2 Qxd5 6. O-O Nc6 7. Nbc3 Qh5
8. Ng3 Qxd1 9. Rxd1 O-O-O 10. Be3 e6 11. h3 Nb4 12. Rac1 h5 13. a3 Nbd5 14.
Nxd5 Nxd5 15. Bd2 Nb6 16. Bb4 Bxb4 17. axb4 Nc4 18. b3 Nd6 19. c4 a6 20. d5 h4
21. Nf1 exd5 22. Rxd5 g6 23. Ne3 Ne4 24. b5 Rxd5 25. Nxd5 c6 26. bxc6 bxc6 27.
Nb4 c5 28. Nxa6 Kb7 29. Re1 f5 30. f3 Kxa6 31. fxe4 Re8 32. e5 Ka5 33. Kf2 Kb4
34. Re3 Re6 35. Ke2 f4 36. Re4 Kxb3 37. Kf3 Kc3 38. Kg4 Kd3 39. Kxf4 Re8 40.
Kf3 g5 41. Re1 Kd4 {(=)} 42. Kg4 Rxe5 43. Rxe5 Kxe5 44. Kxg5 Kd4 45. Kxh4 Kxc4
46. g4 Kd3 47. g5 c4 48. g6 c3 49. g7 c2 50. g8=Q c1=Q 51. Qd5+ Ke2 52. Qe4+
Kf2 53. Qf5+ Ke2 54. Kh5 Qc6 55. Qg4+ Kf2 56. Qf4+ Kg2 57. h4 Qe8+ 58. Kg4 Qg8+
59. Qg5 Qe6+ 60. Kf4+ Kf2 61. Qc5+ Ke2 62. Qe5+ 1-0

[Event "Guernsey Open"]
[Site "?"]
[Date "2002.??.??"]
[Round "7"]
[White "Brown, Allen M"]
[Black "Bareham, D."]
[Result "1/2-1/2"]
[WhiteElo "2133"]
[BlackElo "1920"]
[PlyCount "184"]
[EventDate "2002.10.20"]

1. d4 d5 2. c4 dxc4 3. e3 c5 4. Bxc4 cxd4 5. exd4 Nf6 6. Nf3 e6 7. Nc3 Be7 8.
O-O O-O 9. Ne5 Nc6 10. Nxc6 bxc6 11. Bg5 Bb7 12. Bd3 c5 13. dxc5 Bxc5 14. Bxf6
gxf6 15. Bxh7+ Kxh7 16. Qh5+ Kg7 17. Qxc5 Qb6 18. Qxb6 axb6 19. Rfd1 Bc6 20.
Rac1 Rfc8 21. a3 f5 22. Ne2 Be8 23. f3 Rd8 24. Kf2 Rac8 25. Rxc8 Rxc8 26. Nd4
Bd7 27. f4 Kf6 28. Ke3 Ke7 29. Rd2 f6 30. Rc2 Rh8 31. Nf3 Re8 32. Kf2 Kd6 33.
Rd2+ Kc7 34. Re2 Kd6 35. Re3 e5 36. Rb3 Kc5 37. Rc3+ Kd6 38. Nd2 Bc6 39. Nc4+
Kc7 40. Ne3 Rd8 41. b4 Kb7 42. Nxf5 Rd2+ 43. Ke3 Rxg2 44. Nd6+ Kc7 45. b5 Kxd6
46. Rxc6+ Kd5 47. Rxb6 Rxh2 48. fxe5 Rh3+ 49. Ke2 fxe5 50. a4 Ra3 51. Ra6 Kc5
52. Ra8 Kb6 53. Kd2 Rh3 54. Rc8 Rh4 55. Rc6+ Kb7 56. a5 Rb4 57. Rc5 e4 58. Ke3
Ra4 59. b6 Ka6 60. Re5 Kb7 61. Re7+ Ka8 62. Re5 Kb7 63. Rb5 Ka6 64. b7 Kxb5 65.
b8=Q+ Kxa5 66. Kf4 Rc4 67. Ke5 Ka4 68. Kd5 Rc3 69. Kxe4 Rc4+ 70. Kd3 Rc5 71.
Kd4 Rc2 72. Qa7+ Kb5 73. Qd7+ Kb4 74. Qe7+ Kb5 75. Qe5+ Kb4 76. Qe1+ Kb3 77.
Qb1+ Rb2 78. Qd1+ Kb4 79. Qc1 Rb3 80. Qc2 Ka3 81. Qc1+ Ka2 82. Kc4 Rb4+ 83. Kc5
Rb2 84. Qc3 Ka1 85. Kc4 Kb1 86. Qd3+ Kc1 87. Qa3 Kb1 88. Qa4 Rc2+ 89. Kd3 Rb2
90. Kc3 Rf2 91. Qb5+ Kc1 92. Qg5+ Kd1 1/2-1/2

[Event "Guernsey Open"]
[Site "?"]
[Date "2002.??.??"]
[Round "7"]
[White "Ruston, Mark"]
[Black "Fassaert, D."]
[Result "1-0"]
[WhiteElo "2065"]
[BlackElo "2095"]
[PlyCount "33"]
[EventDate "2002.10.20"]

1. e4 c6 2. d4 d5 3. Nc3 dxe4 4. Nxe4 Nd7 5. Nf3 Ngf6 6. Ng3 e6 7. Bd3 Bd6 8.
Qe2 O-O 9. O-O Qc7 10. Re1 c5 11. c3 b6 12. Ne5 Bb7 13. Nh5 Rfe8 14. Bb5 Rec8
15. Nxd7 Nxd7 16. Qg4 Bf8 17. Bxd7 1-0

[Event "Guernsey Open"]
[Site "?"]
[Date "2002.??.??"]
[Round "7"]
[White "Morris, Graham"]
[Black "Marotzke, Stefan"]
[Result "1/2-1/2"]
[WhiteElo "1806"]
[BlackElo "2089"]
[PlyCount "28"]
[EventDate "2002.10.20"]

1. e4 d5 2. exd5 Nf6 3. d4 Nxd5 4. Nf3 g6 5. c3 Bg7 6. Be2 O-O 7. O-O Nc6 8.
Bg5 h6 9. Bh4 Bf5 10. Bg3 Re8 11. Bb5 Bd7 12. Bxc6 Bxc6 13. Be5 Nb6 14. Nbd2
Nd7 1/2-1/2

[Event "Guernsey Open"]
[Site "?"]
[Date "2002.??.??"]
[Round "7"]
[White "Arnott, Jonathan"]
[Black "Havenaar, Jan"]
[Result "1-0"]
[WhiteElo "2070"]
[BlackElo "2267"]
[PlyCount "49"]
[EventDate "2002.10.20"]

1. e4 c5 2. d3 e6 3. g3 d5 4. Nd2 dxe4 5. dxe4 b6 6. Ngf3 Bb7 7. Bb5+ Bc6 8.
Qe2 a6 9. Bxc6+ Nxc6 10. O-O Be7 11. Rd1 e5 12. c3 Nf6 13. Nc4 Qc7 14. Ne3 O-O
15. Nd5 Qb7 16. Bg5 Kh8 17. Bxf6 Bxf6 18. Nxf6 gxf6 19. Rd6 f5 20. exf5 f6 21.
Qe4 Rac8 22. Rad1 Rcd8 23. R1d2 Rc8 24. Re6 Qc7 25. Rdd6 1-0

[Event "Guernsey Open"]
[Site "?"]
[Date "2002.??.??"]
[Round "7"]
[White "Hauptmann, Thomas"]
[Black "Rosen, Daniel"]
[Result "0-1"]
[WhiteElo "2050"]
[BlackElo "2201"]
[PlyCount "68"]
[EventDate "2002.10.20"]

1. e4 g6 2. d4 Bg7 3. Nc3 d6 4. Be3 c6 5. h3 Nd7 6. Nf3 Qc7 7. Be2 Ngf6 8. O-O
O-O 9. a4 b6 10. Qd2 Bb7 11. Nh2 c5 12. d5 e6 13. f3 exd5 14. exd5 Rae8 15. Nb5
Qb8 16. Bf4 Ne5 17. c4 a5 18. Ng4 Nfxg4 19. hxg4 Ba6 20. Rae1 Bxb5 21. axb5 f5
22. gxf5 Rxf5 23. Bg3 g5 24. b3 Ref8 25. Bd1 Qd8 26. Bc2 R5f7 27. Bb1 h5 28. f4
gxf4 29. Rxf4 Bh6 30. Qc2 Bxf4 31. Bxf4 Nf3+ 32. gxf3 Rg7+ 33. Kf1 Rxf4 34. Qe2
Qg5 0-1